000 00601nam a2200169 4500
001 132169
003 ES-MaACL
005 20230906194123.0
007 t|
008 070214s1965 sp r ||||1| spa d
100 1 _aRodríguez Valencia, Vicente.
_998849
245 1 0 _aMuseo Diocesano y Catedralicio, Valladolid
_b: guía histórica /
_cpor Vicente Rodríguez Valencia.
260 _aValladolid :
_bDirección General de Bellas Artes,
_c1965.
300 _a46 p., 20 lám. +
_e1 plan. pleg.
710 1 _aEspaña.
_bDirección General de Bellas Artes.
_93704
852 _aES-MaACL
_jC-28292
_bR.56948
999 _c132169
_d132169